[Event "4NCL Online Division 5"]
[Site "online"]
[Date "2021.08.24"]
[EventDate "2021.08.24"]
[Round "1.252"]
[White "Singh, Hari"]
[WhiteElo "1317"]
[WhiteTeam "KCS U13B"]
[Black "Constable, Christine F"]
[BlackElo "1415"]
[BlackTeam "Bude Surfers B"]
[Result "0-1"]
[PlyCount "66"]

1. d4 Nf6 2. Nf3 d6 3. e3 g6 4. Bd3 Bg7 5. Nbd2 O-O 6. b3 Nbd7 7. Bb2 b6 8. O-O Bb7 9. e4 Nh5 10. Bc4 c5 11. Rb1 cxd4 12. Bxd4 Nc5 13. Bxg7 Nxg7 14. e5 Rc8 15. exd6 Qxd6 16. Ng5 e6 17. Ndf3 Qc6 18. Kh1 Nf5 19. Rg1 Nd6 20. Ne5 Nde4 21. Nh3 Qc7 22. Qd4 Rfd8 23. Qb2 Rd2 24. Rgf1 Ba8 25. Ng4 Qb7 26. f3 Nd6 27. Nh6+ Kf8 28. Qh8+ Ke7 29. Qxh7 b5 30. Bd3 Nxd3 31. cxd3 Rcc2 32. Rg1 Rxg2 33. Rbf1 Rxh2# 0-1

[Event "4NCL Online Division 5"]
[Site "online"]
[Date "2021.08.24"]
[EventDate "2021.08.24"]
[Round "1.253"]
[White "Russell, Lloyd"]
[WhiteElo "1323"]
[WhiteTeam "Bude Surfers B"]
[Black "Gupta, Aarav G"]
[BlackElo "1276"]
[BlackTeam "KCS U13B"]
[Result "0-1"]
[PlyCount "82"]

1. d4 d5 2. Nf3 Nc6 3. Bg5 h6 4. Bh4 Bf5 5. c3 Qd7 6. Nbd2 e6 7. e3 a6 8. Be2 Be7 9. O-O Nf6 10. a4 O-O 11. h3 Ne4 12. Nxe4 dxe4 13. Bxe7 Qxe7 14. Nd2 Qg5 15. Kh1 Ne7 16. Qc2 Ng6 17. Nxe4 Qh4 18. Bd3 Rad8 19. Nd2 Bxd3 20. Qxd3 Ne5 21. Qe2 Ng6 22. Qf3 c6 23. Ne4 Qe7 24. b4 Rd5 25. Rab1 Rf5 26. Qg4 h5 27. Qg3 e5 28. dxe5 Nxe5 29. Rbd1 Nc4 30. Rd4 h4 31. Qg4 Nxe3 32. Qe2 Nxf1 33. Qxf1 Rf4 34. f3 f5 35. Nc5 Rxd4 36. cxd4 Rd8 37. Qc4+ Kh8 38. Kh2 Qd6+ 39. Kg1 Re8 40. d5 Re1+ 41. Kf2 Qg3# 0-1

[Event "4NCL Online Division 5"]
[Site "online"]
[Date "2021.08.24"]
[EventDate "2021.08.24"]
[Round "1.254"]
[White "Ali, Shahyan"]
[WhiteElo "1253"]
[WhiteTeam "KCS U13B"]
[Black "Ongley, Kieran M"]
[BlackElo "845"]
[BlackTeam "Bude Surfers B"]
[Result "1-0"]
[PlyCount "69"]

1. e4 e5 2. Bc4 Nc6 3. Nf3 Nf6 4. Ng5 Rg8 5. Bxf7+ Ke7 6. Bxg8 Nxg8 7. Qf3 Nd4 8. Qf7+ Kd6 9. Qd5+ Ke7 10. Na3 Ne6 11. Nxe6 dxe6 12. Qxd8+ Kxd8 13. d3 Bb4+ 14. c3 Bxa3 15. bxa3 Nf6 16. Bg5 Bd7 17. Bxf6+ gxf6 18. g4 Kc8 19. h4 Ba4 20. g5 fxg5 21. hxg5 Kd7 22. Rxh7+ Kc6 23. Kd2 Rg8 24. Rg1 b5 25. g6 b4 26. cxb4 Kb5 27. g7 c5 28. Rh8 Rxg7 29. Rxg7 c4 30. dxc4+ Kxc4 31. Rc8+ Kd4 32. f3 a6 33. Rgg8 Bb3 34. axb3 a5 35. Rgd8# 1-0

[Event "4NCL Online Division 5"]
[Site "online"]
[Date "2021.08.24"]
[EventDate "2021.08.24"]
[Round "1.261"]
[White "Deacon, Matthew"]
[WhiteElo "1579"]
[WhiteTeam "Wessex Some Stars G"]
[Black "Demyan, Leo"]
[BlackElo "1158"]
[BlackTeam "Watford Juniors B"]
[Result "1/2-1/2"]
[PlyCount "104"]

1. d4 e6 2. c4 d5 3. Nc3 Nf6 4. cxd5 exd5 5. Bg5 Be7 6. e3 Be6 7. Bd3 Qd7 8. Nf3 Nc6 9. Bb5 Ng8 10. Bxe7 Ngxe7 11. Ne5 Qd6 12. Qa4 Bd7 13. Nxd7 Qxd7 14. O-O O-O 15. a3 a6 16. Bd3 Rfb8 17. Qc2 g6 18. b4 b5 19. Nb1 Nc8 20. Nd2 N6e7 21. Nb3 Qc6 22. Qd2 Nd6 23. Rfc1 Qd7 24. Nc5 Qc8 25. f3 c6 26. e4 dxe4 27. fxe4 Qg4 28. Qe3 Nb7 29. Be2 Qc8 30. Nd3 a5 31. Ne5 Ra6 32. Bxb5 Rb6 33. Bc4 Nd6 34. Be2 axb4 35. axb4 Rxb4 36. Ra7 Qe8 37. h3 Nec8 38. Rc7 Ne7 39. Nxc6 Nxc6 40. R7xc6 Nxe4 41. Bf3 f5 42. R6c2 Rb3 43. Qe2 Rd8 44. Qc4+ Qf7 45. Qa4 Rd3 46. Rc4 Qf6 47. Bxe4 fxe4 48. Rf1 Qg7 49. Rf4 R3xd4 50. Rxe4 Rd1+ 51. Kh2 Ra1 52. Qc6 Ra7 1/2-1/2

[Event "4NCL Online Division 5"]
[Site "online"]
[Date "2021.08.24"]
[EventDate "2021.08.24"]
[Round "1.262"]
[White "Shah, Prem C"]
[WhiteElo "1114"]
[WhiteTeam "Watford Juniors B"]
[Black "Bucchi, Andrea"]
[BlackElo "1562"]
[BlackTeam "Wessex Some Stars G"]
[Result "0-1"]
[PlyCount "100"]

1. e4 e5 2. Nf3 Nc6 3. Bb5 a6 4. Bxc6 dxc6 5. Nc3 Bd6 6. O-O Nf6 7. d3 Bg4 8. Bg5 Be7 9. h3 Bh5 10. Re1 O-O 11. Re3 Nd7 12. Qd2 Bxg5 13. Nxg5 Qxg5 14. Rg3 Qxd2 15. Rb1 Qxc2 16. Rg5 Bg6 17. h4 Qxd3 18. h5 Bxe4 19. h6 Bg6 20. hxg7 Kxg7 21. Rd1 Qxd1+ 22. Nxd1 f6 23. Rg3 Kh8 24. Ne3 Rg8 25. Ng4 Bb1 26. a3 f5 27. Nh6 Rxg3 28. fxg3 Kg7 29. Nxf5+ Bxf5 30. Kf2 Rf8 31. Ke3 Bb1 32. Kd2 Be4 33. Ke3 Bxg2 34. Kd3 Rf3+ 35. Ke2 Rxg3 36. Kf2 Rg6 37. Ke3 Nb6 38. Kd3 Bf1+ 39. Kd2 Nc4+ 40. Kc3 Nxb2 41. Kxb2 Rd6 42. Kb3 Bc4+ 43. Kxc4 e4 44. Kc3 e3 45. Kc4 e2 46. Kc3 e1=Q+ 47. Kc2 Rd2+ 48. Kb3 Qe3+ 49. Kb4 Rd4+ 50. Ka5 Qe5# 0-1

[Event "4NCL Online Division 5"]
[Site "online"]
[Date "2021.08.24"]
[EventDate "2021.08.24"]
[Round "1.263"]
[White "Blythe, Douglas"]
[WhiteElo "1541"]
[WhiteTeam "Wessex Some Stars G"]
[Black "Fan, Jiayan"]
[BlackElo "1145"]
[BlackTeam "Watford Juniors B"]
[Result "1-0"]
[PlyCount "51"]

1. c4 e5 2. Nc3 Nf6 3. g3 d5 4. cxd5 Nxd5 5. Bg2 c6 6. e3 Bc5 7. Nge2 b5 8. O-O Ba6 9. Re1 Nd7 10. Nxd5 O-O 11. Ndc3 b4 12. Na4 Be7 13. Bxc6 Rc8 14. Bg2 g6 15. d4 Bf6 16. Rb1 Qa5 17. b3 Rfd8 18. Bb2 Nb6 19. Rc1 exd4 20. Rxc8 Nxc8 21. Nxd4 Nb6 22. Qf3 Nxa4 23. bxa4 Qxa4 24. Qxf6 Rc8 25. Ne6 Qxa2 26. Qg7# 1-0

[Event "4NCL Online Division 5"]
[Site "online"]
[Date "2021.08.24"]
[EventDate "2021.08.24"]
[Round "1.264"]
[White "Holland, Nicolas"]
[WhiteElo "953"]
[WhiteTeam "Watford Juniors B"]
[Black "Le Fevre, Stephen D"]
[BlackElo "1388"]
[BlackTeam "Wessex Some Stars G"]
[Result "0-1"]
[PlyCount "86"]

1. e4 c5 2. Nf3 e6 3. Nc3 a6 4. Bc4 b5 5. Be2 Bb7 6. O-O d6 7. d3 Nd7 8. Bf4 Ngf6 9. b3 Be7 10. a4 b4 11. Na2 a5 12. Qd2 O-O 13. c3 Ne8 14. cxb4 cxb4 15. Rac1 Nc5 16. h3 Nxb3 17. Qc2 Nxc1 18. Qxc1 Rc8 19. Qb1 Nf6 20. Bg5 h6 21. Bxf6 Bxf6 22. d4 Qd7 23. Bb5 Bc6 24. Ba6 Rc7 25. Rd1 Bxa4 26. Rd2 Bb5 27. Bxb5 Qxb5 28. d5 e5 29. Nc1 Rfc8 30. Rd1 Rc2 31. Nd3 R2c3 32. Nde1 b3 33. Qb2 a4 34. g3 Bd8 35. h4 Bb6 36. g4 Qc5 37. Nd3 Qc4 38. Nde1 Qxe4 39. Qd2 Qxg4+ 40. Kf1 Rxf3 41. Ng2 Rxf2+ 42. Ke1 Qxg2 43. Qxf2 Qxf2# 0-1

[Event "4NCL Online Division 5"]
[Site "online"]
[Date "2021.09.07"]
[EventDate "2021.09.07"]
[Round "2.11"]
[White "Cook, Philip"]
[WhiteElo "2149"]
[WhiteTeam "Hebden Bridge 1"]
[Black "Tillett, Matthew"]
[BlackElo "1875"]
[BlackTeam "Streatham B"]
[Result "1-0"]
[PlyCount "85"]

1. d4 Nf6 2. Nf3 d6 3. g3 Nbd7 4. Bg2 c6 5. c4 e5 6. Nc3 Be7 7. e4 O-O 8. O-O a6 9. a4 a5 10. h3 Re8 11. Be3 Bf8 12. Qc2 Qc7 13. Rfd1 Rb8 14. Rac1 exd4 15. Nxd4 Nc5 16. Re1 Bd7 17. Rcd1 Rbd8 18. f4 g6 19. Bf2 Bg7 20. g4 Ne6 21. Nde2 b5 22. f5 Nc5 23. axb5 cxb5 24. g5 Nfxe4 25. Nxe4 Bxf5 26. N2g3 Nxe4 27. Bxe4 Bxh3 28. cxb5 Qxc2 29. Bxc2 Rxe1+ 30. Bxe1 Rb8 31. Rxd6 Bxb2 32. Ba4 Be5 33. Rd5 Bg7 34. Bxa5 f6 35. gxf6 Bxf6 36. Bc7 Ra8 37. Bb3 Be6 38. Rd3 Kf7 39. b6 Bxb3 40. Rxb3 Bd8 41. Ne4 Ke7 42. Bd6+ Kd7 43. b7 1-0

[Event "4NCL Online Division 5"]
[Site "online"]
[Date "2021.09.07"]
[EventDate "2021.09.07"]
[Round "2.12"]
[White "Hanney, Matthew"]
[WhiteElo "1800"]
[WhiteTeam "Streatham B"]
[Black "Eagleton, Greg T"]
[BlackElo "2065"]
[BlackTeam "Hebden Bridge 1"]
[Result "0-1"]
[PlyCount "94"]

1. e4 c5 2. a3 g6 3. Nc3 Bg7 4. Bc4 Nc6 5. d3 Nf6 6. f4 d6 7. h3 O-O 8. Nf3 e6 9. Ba2 Rb8 10. O-O b5 11. Be3 Qc7 12. Qe2 b4 13. axb4 Rxb4 14. Rab1 Ba6 15. e5 Nd7 16. exd6 Qxd6 17. Qf2 Rfb8 18. Ne4 Rxe4 19. dxe4 Bxf1 20. e5 Qc7 21. Kxf1 Nb4 22. Bb3 Bf8 23. Qe2 Nb6 24. c3 N4d5 25. Ng5 Nxe3+ 26. Qxe3 c4 27. Bc2 Bc5 28. Qe2 Nd5 29. g3 Kg7 30. Be4 Ne3+ 31. Ke1 h6 32. Nf3 Rd8 33. Nd4 Bxd4 34. cxd4 Nd5 35. Bxd5 Rxd5 36. Qd2 Rd7 37. Rc1 Qc6 38. Kf2 Qd5 39. Rd1 Qe4 40. Qe3 Qf5 41. Kg2 Rb7 42. Qc3 Qe4+ 43. Kf2 Rb3 44. Qd2 Rf3+ 45. Kg2 Rd3+ 46. Kf2 Rxd2+ 47. Rxd2 Qh1 0-1

[Event "4NCL Online Division 5"]
[Site "online"]
[Date "2021.09.07"]
[EventDate "2021.09.07"]
[Round "2.13"]
[White "Clarkson, Andrew"]
[WhiteElo "2051"]
[WhiteTeam "Hebden Bridge 1"]
[Black "Chung, Michael"]
[BlackElo "1643"]
[BlackTeam "Streatham B"]
[Result "1-0"]
[PlyCount "71"]

1. e4 e5 2. Nf3 Nc6 3. d4 exd4 4. Nxd4 Nxd4 5. Qxd4 d6 6. c4 Nf6 7. Nc3 Be7 8. Be2 O-O 9. O-O Be6 10. f3 a5 11. Be3 Re8 12. Rad1 Qc8 13. Kh1 a4 14. g4 Nd7 15. g5 c5 16. Qd2 Ne5 17. Nd5 Bxd5 18. cxd5 f5 19. f4 Ng4 20. Bxg4 fxg4 21. f5 Bf8 22. Qg2 b5 23. Rf4 Ra7 24. Rdf1 Rae7 25. Rxg4 Re5 26. f6 Kh8 27. h4 Qd7 28. h5 gxf6 29. gxf6 Rxh5+ 30. Kg1 Qf7 31. Rg8+ Qxg8 32. Qxg8+ Kxg8 33. f7+ Kg7 34. fxe8=Q Re5 35. Qf7+ Kh8 36. Qxf8# 1-0

[Event "4NCL Online Division 5"]
[Site "online"]
[Date "2021.09.07"]
[EventDate "2021.09.07"]
[Round "2.14"]
[White "Yordanov, Denislav"]
[WhiteElo "1390"]
[WhiteTeam "Streatham B"]
[Black "Shapland, David"]
[BlackElo "1928"]
[BlackTeam "Hebden Bridge 1"]
[Result "0-1"]
[PlyCount "42"]

1. e4 e5 2. Nf3 Nc6 3. Bc4 Nf6 4. Ng5 Bc5 5. Nxf7 Bxf2+ 6. Kxf2 Nxe4+ 7. Ke3 Qe7 8. Nxh8 d5 9. Bxd5 Qc5+ 10. d4 Qxd5 11. Qh5+ g6 12. Qf3 Qxd4+ 13. Ke2 Bg4 14. Qxg4 Qf2+ 15. Kd1 Rd8+ 16. Bd2 Rxd2+ 17. Kc1 Rxc2+ 18. Kd1 Rc1+ 19. Kxc1 Qe3+ 20. Kc2 Nb4+ 21. Kd1 Nf2# 0-1

[Event "4NCL Online Division 5"]
[Site "online"]
[Date "2021.09.07"]
[EventDate "2021.09.07"]
[Round "2.21"]
[White "Toon, James MG"]
[WhiteElo "2008"]
[WhiteTeam "Guildford Castles 2"]
[Black "Colston, Rob"]
[BlackElo "1872"]
[BlackTeam "Bearsden Grizzlies"]
[Result "1-0"]
[PlyCount "71"]

1. e4 e6 2. d4 d5 3. Nd2 Nf6 4. e5 Nfd7 5. Bd3 c5 6. c3 Nc6 7. Ne2 cxd4 8. cxd4 f6 9. exf6 Qxf6 10. Nf3 h6 11. O-O Bd6 12. Ng3 O-O 13. Bc2 Rd8 14. Re1 Nf8 15. Ne5 Bd7 16. f4 Rac8 17. Be3 Be8 18. Rf1 Bc7 19. Rc1 Bb6 20. Qd2 Qh4 21. a3 Nxe5 22. fxe5 Ng6 23. Rf3 Qe7 24. Rcf1 Qh4 25. Ne2 Rc7 26. Rg3 Rxc2 27. Qxc2 Ne7 28. Rh3 Qe4 29. Qd2 Bb5 30. Nc3 Qd3 31. Nxb5 Qxb5 32. Bxh6 Nf5 33. Rxf5 exf5 34. Bxg7 Rc8 35. Rh8+ Kxg7 36. Qh6+ 1-0

[Event "4NCL Online Division 5"]
[Site "online"]
[Date "2021.09.07"]
[EventDate "2021.09.07"]
[Round "2.22"]
[White "Watt, David A"]
[WhiteElo "1921"]
[WhiteTeam "Bearsden Grizzlies"]
[Black "Shepley, Julien M"]
[BlackElo "1912"]
[BlackTeam "Guildford Castles 2"]
[Result "1/2-1/2"]
[PlyCount "121"]

1. e4 d5 2. exd5 Qxd5 3. Nc3 Qd6 4. d4 Nf6 5. Nf3 c6 6. Be2 Bg4 7. O-O e6 8. Bg5 Nbd7 9. Qd2 Qc7 10. Bf4 Bd6 11. Bxd6 Qxd6 12. Rad1 O-O 13. Rfe1 b5 14. Ne5 Nxe5 15. dxe5 Qxd2 16. Rxd2 Bxe2 17. Rexe2 Nd5 18. Ne4 Rad8 19. g3 Rfe8 20. f4 Re7 21. Kf2 h6 22. b3 Rb8 23. c4 bxc4 24. bxc4 Nb6 25. Nd6 Na4 26. Re3 Rb4 27. Rb3 a5 28. Ke3 Ra7 29. Rd1 Ra8 30. Rdb1 Rab8 31. Kd2 Nc5 32. Rxb4 axb4 33. Kc2 Kf8 34. Rf1 g6 35. g4 Ke7 36. f5 exf5 37. gxf5 g5 38. Re1 Ra8 39. Kb1 Nd3 40. Re3 Nxe5 41. Nxf7 Kxf7 42. Rxe5 Re8 43. Rc5 Rc8 44. Kb2 Kf6 45. Kb3 h5 46. Kxb4 g4 47. Ra5 h4 48. Ra3 Kxf5 49. Rd3 c5+ 50. Kb5 Kf4 51. a4 Ke4 52. Rd7 Kf3 53. Rg7 g3 54. hxg3 hxg3 55. a5 g2 56. a6 Kf2 57. Rf7+ Ke2 58. Rg7 Kf2 59. Rf7+ Ke2 60. Re7+ Kf2 61. Rf7+ 1/2-1/2

[Event "4NCL Online Division 5"]
[Site "online"]
[Date "2021.09.07"]
[EventDate "2021.09.07"]
[Round "2.23"]
[White "Jones, H Trevor"]
[WhiteElo "1768"]
[WhiteTeam "Guildford Castles 2"]
[Black "Callison, S"]
[BlackElo "1689"]
[BlackTeam "Bearsden Grizzlies"]
[Result "1/2-1/2"]
[PlyCount "59"]

1. c4 e5 2. Nc3 Nf6 3. g3 c6 4. Bg2 d5 5. cxd5 cxd5 6. d4 e4 7. Bf4 Nc6 8. a3 h6 9. h3 Bd6 10. Bxd6 Qxd6 11. e3 O-O 12. Nge2 Be6 13. O-O Na5 14. b3 Rac8 15. Qc2 a6 16. Qb2 b5 17. Rfc1 Rc7 18. Na2 Rxc1+ 19. Rxc1 Bd7 20. Kh2 Re8 21. Nb4 Nb7 22. Nc3 a5 23. Nc2 Qb6 24. Ne2 Nd6 25. Ne1 Rb8 26. Qc2 Rc8 27. Qd2 Rb8 28. Qc2 Rc8 29. Qd2 Rb8 30. Qc2 1/2-1/2

[Event "4NCL Online Division 5"]
[Site "online"]
[Date "2021.09.07"]
[EventDate "2021.09.07"]
[Round "2.24"]
[White "Nield, Christopher"]
[WhiteElo "1157"]
[WhiteTeam "Bearsden Grizzlies"]
[Black "Tzanidakis, Michail"]
[BlackElo "1734"]
[BlackTeam "Guildford Castles 2"]
[Result "0-1"]
[PlyCount "156"]

1. d4 Nf6 2. Nf3 g6 3. Bf4 Bg7 4. e3 d6 5. Bd3 Nbd7 6. c3 c6 7. Qc2 b5 8. Nbd2 Bb7 9. O-O a6 10. e4 c5 11. dxc5 Nxc5 12. Rfe1 Nxd3 13. Qxd3 Nd7 14. Nb3 Nb6 15. Na5 Bc8 16. b3 Qc7 17. Bd2 Nc4 18. Nxc4 bxc4 19. bxc4 Be6 20. c5 Qxc5 21. Nd4 Bc4 22. Qc2 O-O 23. Be3 Qc7 24. Rac1 e6 25. Nf3 Qa5 26. Nd2 Qxa2 27. Nxc4 Qxc4 28. Red1 Rfc8 29. Rxd6 Qxc3 30. Qe2 Qb4 31. Rxc8+ Rxc8 32. Qxa6 Qb1+ 33. Qf1 Qxe4 34. Qa6 Ra8 35. Qe2 Ra1+ 36. Rd1 Qa4 37. Rxa1 Qxa1+ 38. Qf1 f5 39. Qxa1 Bxa1 40. Kf1 Kg7 41. Ke2 e5 42. f4 e4 43. Kf2 h6 44. h4 Bf6 45. Kg3 h5 46. Kf2 Kf7 47. g3 Ke6 48. Ke2 Kd5 49. Bc1 Kc4 50. Kd2 Kb3 51. Ke3 Bc3 52. Ke2 Bd4 53. Bd2 Kc2 54. Be1 Bg1 55. Ba5 Bc5 56. Be1 Bd4 57. Ba5 Bg1 58. Be1 e3 59. Kf1 Kd1 60. Ba5 e2+ 61. Kxg1 e1=Q+ 62. Bxe1 Kxe1 63. Kg2 Ke2 64. Kh2 Kf2 65. Kh3 Kg1 66. g4 Kf2 67. gxf5 gxf5 68. Kh2 Kf3 69. Kh3 Kxf4 70. Kg2 Kg4 71. Kf2 Kxh4 72. Kf3 Kg5 73. Kg3 f4+ 74. Kf3 h4 75. Kg2 Kg4 76. Kf2 h3 77. Kg1 f3 78. Kh2 f2 0-1

[Event "4NCL Online Division 5"]
[Site "online"]
[Date "2021.09.07"]
[EventDate "2021.09.07"]
[Round "2.31"]
[White "Lampard, Alice"]
[WhiteElo "1948"]
[WhiteTeam "Wells Globetrotters 1"]
[Black "Dunks, Peter"]
[BlackElo "1658"]
[BlackTeam "The Hemel's Gambit"]
[Result "1-0"]
[PlyCount "77"]

1. e4 c5 2. Nf3 d6 3. Bb5+ Bd7 4. Bxd7+ Nxd7 5. c3 Ngf6 6. Qc2 e5 7. d3 Be7 8. Be3 O-O 9. a4 Qa5 10. O-O b5 11. Nbd2 Ng4 12. b4 Nxe3 13. fxe3 cxb4 14. cxb4 Qb6 15. d4 Rac8 16. Qb3 Rc7 17. Rfc1 Rfc8 18. Rxc7 Rxc7 19. Qb2 h6 20. Kh1 bxa4 21. Rxa4 Qc6 22. Ra1 Bf6 23. d5 Qb5 24. Ra3 Qe2 25. Rc3 Qd1+ 26. Ng1 Rxc3 27. Qxc3 Nf8 28. Nf3 Qa4 29. g3 Bd8 30. Nd2 Bb6 31. Nc4 Qd7 32. Nxb6 axb6 33. h3 g5 34. Qc6 b5 35. Kg2 Kg7 36. Ne2 Qxc6 37. dxc6 Ne6 38. Nc3 Nc7 39. Nd5 1-0

[Event "4NCL Online Division 5"]
[Site "online"]
[Date "2021.09.07"]
[EventDate "2021.09.07"]
[Round "2.32"]
[White "Rollinson, David"]
[WhiteElo "1618"]
[WhiteTeam "The Hemel's Gambit"]
[Black "Strong, Chris M"]
[BlackElo "1750"]
[BlackTeam "Wells Globetrotters 1"]
[Result "1/2-1/2"]
[PlyCount "136"]

1. d4 Nf6 2. Nf3 g6 3. Bg5 Bg7 4. c3 d5 5. Nbd2 c5 6. e3 Nc6 7. Be2 Bf5 8. O-O O-O 9. Rc1 Qa5 10. Qb3 c4 11. Qa3 h6 12. Qxa5 Nxa5 13. Bf4 Nc6 14. h3 Rac8 15. Bd1 Nd7 16. Bc2 e5 17. Bxf5 gxf5 18. dxe5 Ndxe5 19. Nxe5 Bxe5 20. Bxh6 Rfd8 21. Nf3 f6 22. Nd4 Nxd4 23. exd4 Bd6 24. Bd2 Kf7 25. Rce1 Rg8 26. f4 Rg6 27. Re2 Rcg8 28. Rf3 b5 29. Kf1 a5 30. Rfe3 b4 31. Re6 Rd8 32. cxb4 axb4 33. a3 bxa3 34. bxa3 Bxa3 35. Ra6 Bd6 36. Ra7+ Kf8 37. Re6 Bb8 38. Raa6 Kg7 39. Re7+ Kf8 40. Ree6 Kf7 41. Re2 Bd6 42. Ra5 Bf8 43. Ra7+ Kg8 44. Re6 Rg7 45. Raa6 Be7 46. Ra7 Kf8 47. Rexe7 Rxe7 48. Bb4 Re8 49. Bxe7+ Rxe7 50. Ra5 Rd7 51. Rc5 Kf7 52. Ke2 Ke6 53. Rc6+ Rd6 54. Rxd6+ Kxd6 55. Kd2 Ke6 56. h4 Kf7 57. g3 Kg6 58. Kc3 Kh5 59. Kd2 Kg4 60. Kc3 Kh5 61. Kd2 Kg6 62. Kc3 Kh6 63. Kd2 Kh5 64. Kc3 Kg4 65. Kd2 Kh5 66. Kc3 Kg6 67. Kd2 Kh6 68. Kc3 Kh5 1/2-1/2

[Event "4NCL Online Division 5"]
[Site "online"]
[Date "2021.09.07"]
[EventDate "2021.09.07"]
[Round "2.33"]
[White "Goatcher, Matthew W"]
[WhiteElo "1682"]
[WhiteTeam "Wells Globetrotters 1"]
[Black "Huhn, Robert M"]
[BlackElo "1397"]
[BlackTeam "The Hemel's Gambit"]
[Result "1-0"]
[PlyCount "65"]

1. c4 c6 2. g3 d5 3. cxd5 cxd5 4. d4 Nf6 5. Nc3 Nc6 6. Bg2 Bf5 7. a3 e6 8. Bg5 Qb6 9. Bxf6 gxf6 10. e4 dxe4 11. Nge2 O-O-O 12. O-O Nxd4 13. Nxd4 Qxd4 14. Bxe4 Qxd1 15. Rfxd1 Bxe4 16. Nxe4 Bg7 17. Nd6+ Rxd6 18. Rxd6 f5 19. Rc1+ Kb8 20. Rc2 Be5 21. Rd7 Rf8 22. f4 Bf6 23. b4 a6 24. Rcc7 Bd4+ 25. Kg2 b6 26. Rxf7 Rxf7 27. Rxf7 h6 28. a4 Bc3 29. b5 a5 30. Rh7 e5 31. fxe5 Bxe5 32. Rxh6 Bd4 33. Rh5 1-0

[Event "4NCL Online Division 5"]
[Site "online"]
[Date "2021.09.07"]
[EventDate "2021.09.07"]
[Round "2.34"]
[White "Shergill, Ranjit"]
[WhiteElo "1027"]
[WhiteTeam "The Hemel's Gambit"]
[Black "Jukes, Ben"]
[BlackElo "1600"]
[BlackTeam "Wells Globetrotters 1"]
[Result "1/2-1/2"]
[PlyCount "63"]

1. e4 c5 2. Nf3 e6 3. g3 Nc6 4. Bg2 Nf6 5. O-O Nxe4 6. d3 Nf6 7. Bg5 Be7 8. Bxf6 Bxf6 9. Nc3 Bxc3 10. bxc3 d5 11. Qe2 O-O 12. Ne5 Nxe5 13. Qxe5 Bd7 14. c4 Bc6 15. Rab1 Re8 16. Rbe1 Qa5 17. Qb2 b5 18. cxd5 Bxd5 19. Bxd5 exd5 20. Re5 Rxe5 21. Qxe5 Qxa2 22. Ra1 Qxc2 23. Qxd5 Rf8 24. Rxa7 g6 25. Rc7 Qd1+ 26. Kg2 c4 27. d4 Qb3 28. Rc5 Rb8 29. Rc7 Rf8 30. Rc5 Rb8 31. Rc7 Rf8 32. Rc5 1/2-1/2

[Event "4NCL Online Division 5"]
[Site "online"]
[Date "2021.09.07"]
[EventDate "2021.09.07"]
[Round "2.42"]
[White "Pinto, Phil B"]
[WhiteElo "1753"]
[WhiteTeam "Wessex Some Stars E"]
[Black "Singh, Hari"]
[BlackElo "1317"]
[BlackTeam "KCS U13B"]
[Result "1-0"]
[PlyCount "59"]

1. e4 c5 2. Nf3 a6 3. d4 cxd4 4. Nxd4 Nf6 5. Nc3 e5 6. Nf3 Nc6 7. Bg5 Be7 8. a4 Ng4 9. Bxe7 Qxe7 10. h3 Nf6 11. Bc4 Qb4 12. Qd3 Qxb2 13. O-O Nb4 14. Qd2 Qxc2 15. Qxc2 Nxc2 16. Rac1 Nd4 17. Nxe5 O-O 18. Rfd1 Nc6 19. Ng4 Nxg4 20. hxg4 Ne5 21. Be2 d5 22. exd5 Bxg4 23. f3 Bd7 24. a5 Rac8 25. Ne4 Rxc1 26. Rxc1 b5 27. axb6 Bb5 28. Bxb5 axb5 29. b7 Rb8 30. Rc8+ 1-0

[Event "4NCL Online Division 5"]
[Site "online"]
[Date "2021.09.07"]
[EventDate "2021.09.07"]
[Round "2.43"]
[White "Qiu, Winston"]
[WhiteElo "1240"]
[WhiteTeam "KCS U13B"]
[Black "Leeson, Chris J P"]
[BlackElo "1732"]
[BlackTeam "Wessex Some Stars E"]
[Result "0-1"]
[PlyCount "44"]

1. e4 e5 2. d4 exd4 3. Nf3 d6 4. c3 Nf6 5. cxd4 Nxe4 6. Qe2 Qe7 7. Ng5 Nxg5 8. Qxe7+ Bxe7 9. Bxg5 Bxg5 10. Bd3 O-O 11. O-O Nc6 12. d5 Nb4 13. Be4 f5 14. Nc3 fxe4 15. Nxe4 Bf6 16. Rae1 Nxd5 17. h3 Bf5 18. Ng3 Bd3 19. Ne2 Rfe8 20. f3 Bxe2 21. Rxe2 Rxe2 22. Rc1 Ne3 0-1

[Event "4NCL Online Division 5"]
[Site "online"]
[Date "2021.09.07"]
[EventDate "2021.09.07"]
[Round "2.44"]
[White "Moore, Gillian A"]
[WhiteElo "1707"]
[WhiteTeam "Wessex Some Stars E"]
[Black "Kou, Victor"]
[BlackElo "951"]
[BlackTeam "KCS U13B"]
[Result "1-0"]
[PlyCount "93"]

1. d4 d5 2. Nc3 Nc6 3. Bf4 a6 4. e3 Bf5 5. f3 Nf6 6. Bd3 Bg6 7. g4 Nb4 8. Bxg6 hxg6 9. a3 Nc6 10. h4 e6 11. Nge2 Bd6 12. Bg5 Be7 13. Qd2 Nd7 14. O-O-O Bxg5 15. hxg5 Rxh1 16. Rxh1 Qxg5 17. Rh8+ Nf8 18. Nd1 O-O-O 19. Ng3 Nd7 20. Rh7 Rg8 21. c3 Qf6 22. f4 g5 23. f5 exf5 24. Nxf5 g6 25. Nh6 Rf8 26. Qf2 Qxf2 27. Nxf2 f5 28. gxf5 gxf5 29. Kc2 f4 30. e4 Nb6 31. e5 Re8 32. Nhg4 Re7 33. Rh5 Rg7 34. b3 Kd7 35. Kd3 Ke6 36. Nh3 Kf5 37. Nf6 Nd8 38. Ne8 Rg6 39. Nxc7 Kg4 40. Rh8 Ne6 41. Nxe6 Rxe6 42. Ke2 Rg6 43. Ng1 Rg7 44. Rh6 Nc8 45. Nf3 Ne7 46. Kf2 Nf5 47. Nh2# 1-0

[Event "4NCL Online Division 5"]
[Site "online"]
[Date "2021.09.07"]
[EventDate "2021.09.07"]
[Round "2.51"]
[White "Marshall, Duncan"]
[WhiteElo "1652"]
[WhiteTeam "Hertford 3"]
[Black "Bucchi, Andrea"]
[BlackElo "1562"]
[BlackTeam "Wessex Some Stars G"]
[Result "1/2-1/2"]
[PlyCount "94"]

1. d4 d5 2. e3 Nf6 3. Bd3 c5 4. c3 Nc6 5. f4 e6 6. Nd2 Be7 7. Ngf3 c4 8. Bc2 O-O 9. O-O Ng4 10. Qe2 f5 11. Bd1 Qe8 12. Kh1 Rf6 13. Ng5 Rh6 14. Ndf3 Qh5 15. h4 Nf6 16. g3 Ne4 17. Nxe4 dxe4 18. Ng5 Qxe2 19. Bxe2 b5 20. a4 b4 21. Bxc4 Na5 22. Be2 Nb3 23. Ra2 Rf6 24. Rd1 h6 25. Nh3 a5 26. Bc4 Nxc1 27. Rxc1 Kf8 28. b3 Bd6 29. Nf2 Ke7 30. Bb5 Ba6 31. Bxa6 Rxa6 32. c4 Rc6 33. g4 g6 34. Rac2 Rf8 35. c5 Bc7 36. Kg2 Rd8 37. g5 h5 38. Nh3 Rd5 39. Nf2 Bb8 40. Nh1 Kd7 41. Ng3 Kc8 42. Nf1 Kb7 43. Nd2 Kc8 44. Nc4 Bc7 45. Kf2 Kd7 46. Ke2 Kc8 47. Rd1 Kd7 1/2-1/2

[Event "4NCL Online Division 5"]
[Site "online"]
[Date "2021.09.07"]
[EventDate "2021.09.07"]
[Round "2.52"]
[White "Blythe, Douglas"]
[WhiteElo "1541"]
[WhiteTeam "Wessex Some Stars G"]
[Black "Hutton, Allan"]
[BlackElo "1549"]
[BlackTeam "Hertford 3"]
[Result "1-0"]
[PlyCount "55"]

1. c4 Nf6 2. Nc3 e6 3. e4 d6 4. g3 b6 5. Bg2 Bb7 6. Nge2 e5 7. O-O Be7 8. d3 Nc6 9. h3 Rb8 10. Be3 O-O 11. f4 Bc8 12. f5 Nd7 13. g4 Bg5 14. Qd2 Bxe3+ 15. Qxe3 h6 16. Nd5 Nf6 17. Nec3 Nxd5 18. Nxd5 Nd4 19. Rac1 f6 20. Nf4 c5 21. Ng6 Rf7 22. h4 b5 23. b3 bxc4 24. dxc4 a5 25. g5 hxg5 26. hxg5 fxg5 27. Qh3 Rfb7 28. Qh8+ 1-0

[Event "4NCL Online Division 5"]
[Site "online"]
[Date "2021.09.07"]
[EventDate "2021.09.07"]
[Round "2.53"]
[White "Zsibrita, Steve"]
[WhiteElo "1496"]
[WhiteTeam "Hertford 3"]
[Black "Peacock, Christopher D"]
[BlackElo "1492"]
[BlackTeam "Wessex Some Stars G"]
[Result "0-1"]
[PlyCount "134"]

1. d4 d5 2. e3 Bf5 3. Bd3 Bg6 4. f4 e6 5. Nf3 c5 6. c3 Nc6 7. O-O c4 8. Bc2 Nf6 9. Ba4 Qc7 10. Ne5 Be7 11. Nd2 a6 12. Bxc6+ bxc6 13. Ndf3 Ne4 14. Qa4 O-O 15. Nxg6 fxg6 16. Ne5 c5 17. Qd1 cxd4 18. exd4 g5 19. Qg4 gxf4 20. Bxf4 Bd6 21. Qxe6+ Kh8 22. Qxd5 Nf6 23. Qf3 Rae8 24. Rae1 Nd7 25. Qh5 Nxe5 26. Bxe5 Qe7 27. Rxf8+ Rxf8 28. Re2 Bxe5 29. Qxe5 Qf7 30. h3 Qf1+ 31. Kh2 h6 32. Re1 Qf2 33. Qe2 Qf4+ 34. Kg1 Qg5 35. Rf1 Rxf1+ 36. Qxf1 Qe3+ 37. Qf2 Qc1+ 38. Kh2 Qg5 39. Qe2 Qf4+ 40. Kg1 Qc7 41. Qe8+ Kh7 42. Qe4+ Kh8 43. Kf2 Qb6 44. Qe2 Qf6+ 45. Qf3 Qh4+ 46. Qg3 Qf6+ 47. Ke3 Qb6 48. Qf2 Qe6+ 49. Kd2 Qb6 50. Kc1 a5 51. Qf8+ Kh7 52. Qc5 Qg6 53. g4 Qe8 54. Qf5+ g6 55. Qe5 Qf7 56. Qe2 Qf4+ 57. Kd1 Qf7 58. a3 a4 59. Kd2 Qf4+ 60. Qe3 Qh2+ 61. Kc1 Qh1+ 62. Kc2 Qg2+ 63. Kb1 Qf1+ 64. Ka2 Qf7 65. Qe5 Qb7 66. Qe2 Qb3+ 67. Kb1 Qb7 0-1